Premier League Players by Picture - Letter A - Statistics

General Stats
  • This quiz has been taken 37 times
  • The average score is 16 of 24
Answer Stats
Picture Answer % Correct
Dele Alli
97%
Mikel Arteta
97%
Sergio Agüero
97%
Alisson Becker
91%
Pierre-Emerick Aubameyang
89%
Andrey Arshavin
86%
Nicolas Anelka
86%
Nathan Aké
80%
Emmanuel Adebayor
77%
Michail Antonio
77%
Charlie Adam
74%
Anderson
71%
César Azpilicueta
71%
Toby Alderweireld
69%
Tony Adams
69%
Marko Arnautović
57%
Gabriel Agbonlahor
54%
Joe Allen
51%
Rayan Aït-Nouri
51%
Marc Albrighton
43%
Daniel Agger
40%
Joachim Andersen
40%
Shola Ameobi
9%
Victor Anichebe
0%
No matching quizzes found
Score Distribution
Percent of People with Each Score
Percentile by Number Answered
Your Score History
You have not taken this quiz